|
|
|
|
| LEADER |
00000nkm a2200000 a 4500 |
| 001 |
vtls001378251 |
| 003 |
SK-MaSNL |
| 005 |
20260512122624.0 |
| 007 |
kp bo |
| 008 |
231206q1957 xo g 0kuslo |
| 035 |
|
|
|a SNK000332214
|
| 035 |
|
|
|a urn:nbn:sk:snk-km004kut
|
| 035 |
|
|
|a 4519B0DA-36EA-4105-A604-17CED12EC9B4
|
| 035 |
|
|
|a urn:nbn:sk:snk-kmtfws
|
| 040 |
|
|
|a SNK
|b slo
|c SNK
|e AACR2
|
| 041 |
0 |
|
|a slo
|
| 043 |
|
|
|a e-xo---
|
| 044 |
|
|
|a xo
|c SK
|
| 080 |
|
|
|a (437.6)
|2 2001
|
| 080 |
|
|
|a (084.121)
|2 2001
|
| 080 |
|
|
|a 316.7:061
|2 2001
|
| 245 |
0 |
0 |
|a Martin
|h grafika
|b Matica slovenská
|
| 260 |
|
|
|a Martin
|b Osveta
|c [1957?]
|
| 300 |
|
|
|a 1 pohľadnica
|b čiernobiela
|c 11 x 15 cm
|
| 520 |
8 |
|
|a Zobrazenie: pohľad na budovu Matice slovenskej
|
| 610 |
2 |
7 |
|a Matica slovenská
|2 SNKKA
|9 14662
|
| 650 |
0 |
7 |
|a kultúrne inštitúcie a organizácie
|2 SNKPH
|9 112538
|
| 651 |
|
7 |
|a Martin (Slovensko)
|2 SNKPH
|9 16875
|
| 655 |
|
7 |
|a miestne pohľadnice
|2 SNKPH
|9 70510
|
| 852 |
|
|
|a Slovenská národná knižnica
|
| 958 |
|
|
|a GC
|
| 958 |
|
|
|a GBN
|
| 958 |
|
|
|a OND
|
| 999 |
|
|
|c 636608
|d 638538
|
| 952 |
|
|
|t P60, <04>, [BOOK], {604}
|a SNK
|b SNK
|y PREZ
|7 0
|p 17A0243370
|o snkSP 103606 D1
|i snkPV 129/99
|0 0
|1 0
|4 0
|d 2000-04-13
|f 1
|l 0
|r 2005-01-02 00:00:00
|w 2026-02-23
|